000 00327nam a22001457a 4500
008 210528b ||||| |||| 00| 0 eng d
020 _a9781416035350
041 _aeng
080 _a610.73
082 _a610.73
100 _a2
101 _aINF
245 _aNursing Clinics of North America
_cNagle,G.M
942 _2udc
_cBK
999 _c57795
_d57795